| 000 | 00626nmc a2200241 a 4500 | ||
|---|---|---|---|
| 003 | AR-Y00000XR | ||
| 005 | 20251128211846.0 | ||
| 008 | 136120s2000 ||||||||||||||000 | spa|| | ||
| 020 | _a84-205-3060-3 | ||
| 040 | _cAR-Y00000XR | ||
| 100 | 1 | _aDavidson, Jeff | |
| 245 | 1 | 0 | _aLa gestión del tiempo |
| 260 |
_aMadrid _bPrentice Hall _c2000 |
||
| 300 | 0 | _a178 p. | |
| 490 | 0 | _aGuías de bolsillo | |
| 650 | 4 | _aADMINISTRACION DE RECURSOS | |
| 650 | 4 | _aORGANIZACION DEL TRABAJO | |
| 650 | 4 | _aTIEMPO | |
| 650 | 4 | _aGESTION | |
| 700 | 1 |
_aSánchez Hoyos, María Amparo _etraductor |
|
| 942 | _cBK | ||
| 998 | _cme-solo cat | ||
| 999 |
_c21403 _d21403 |
||